LEADER 02852nam 2200649Ia 450 001 9910451725303321 005 20200520144314.0 010 $a1-281-73425-X 010 $a9786611734251 010 $a3-540-69400-5 024 7 $a10.1007/978-3-540-69400-7 035 $a(CKB)1000000000491681 035 $a(EBL)364434 035 $a(OCoLC)288470088 035 $a(SSID)ssj0000144810 035 $a(PQKBManifestationID)11163565 035 $a(PQKBTitleCode)TC0000144810 035 $a(PQKBWorkID)10147842 035 $a(PQKB)10990798 035 $a(DE-He213)978-3-540-69400-7 035 $a(MiAaPQ)EBC364434 035 $a(PPN)128124644 035 $a(Au-PeEL)EBL364434 035 $a(CaPaEBR)ebr10240712 035 $a(CaONFJC)MIL173425 035 $a(EXLCZ)991000000000491681 100 $a20081124d2008 uy 0 101 0 $aeng 135 $aur|n|---||||| 181 $ctxt 182 $cc 183 $acr 200 10$aElasticity and plasticity of large deformations$b[electronic resource] $ean introduction /$fAlbrecht Bertram 205 $a2nd ed. 210 $aBerlin $cSpringer$dc2008 215 $a1 online resource (351 p.) 300 $aDescription based upon print version of record. 311 $a3-540-69399-8 320 $aIncludes bibliographical references and index. 327 $aMathematical Preparation -- Kinematics -- Balance Laws -- The Principles of Material Theory -- Internal Constraints -- Elasticity -- Hyperelasticity -- Solutions -- Inelasticity -- Plasticity. 330 $aThe valuable input of students and colleagues has enabled the author to make many improvements to the first edition of this book, without, however, changing the main structure of the book. As a result, the second edition "Elasticity and Plasticity of Large deformations" still offers a careful introduction to modern non-linear mechanics. It presents in detail the used mathematical tools, such as tensor algebra and analysis. The general theory of mechanical behavior is particularized for the broad and important classes of elasticity and plasticity. The book is intended to bring the reader close to the fields of today's research activities. A list of notations and an index help the reader to find specific topics. The book is based on three decades of teaching experience in this field. 606 $aDeformations (Mechanics) 606 $aElasticity 606 $aPlasticity 608 $aElectronic books. 615 0$aDeformations (Mechanics) 615 0$aElasticity. 615 0$aPlasticity. 676 $a620.1123 700 $aBertram$b A$g(Albrecht)$0851606 801 0$bMiAaPQ 801 1$bMiAaPQ 801 2$bMiAaPQ 906 $aBOOK 912 $a9910451725303321 996 $aElasticity and plasticity of large deformations$91901347 997 $aUNINA LEADER 02445nam 2200577Ia 450 001 9911006676203321 005 20200520144314.0 010 $a1-282-02744-1 010 $a9786612027420 010 $a0-8155-1898-6 010 $a1-59124-252-5 035 $a(CKB)111056552534282 035 $a(OCoLC)309070649 035 $a(CaPaEBR)ebrary10265692 035 $a(SSID)ssj0000072955 035 $a(PQKBManifestationID)11997224 035 $a(PQKBTitleCode)TC0000072955 035 $a(PQKBWorkID)10103200 035 $a(PQKB)10424860 035 $a(MiAaPQ)EBC3008683 035 $a(BIP)46847702 035 $a(EXLCZ)99111056552534282 100 $a19871119d1988 uy 0 101 0 $aeng 135 $aurcn||||||||| 181 $ctxt 182 $cc 183 $acr 200 00$aSemiconductor materials and process technology handbook $efor very large scale integration (VLSI) and ultra large scale integration (ULSI) /$fedited by Gary E. McGuire 210 $aPark Ridge, N.J., U.S.A. $cNoyes Publications$dc1988 215 $a1 online resource (689 p.) 225 1 $aMaterials science and process technology series 300 $aBibliographic Level Mode of Issuance: Monograph 311 08$a0-08-094454-X 311 08$a0-8155-1150-7 320 $aIncludes bibliographical references and index. 330 $aThis handbook is a broad review of semiconductor materials and process technology, with emphasis on very large-scale integration (VLSI) and ultra large scale integration (ULSI). The technology of integrated circuit (IC) processing is expanding so rapidly that it can be difficult for the scientist working in one area to keep abreast of developments in other areas of the field. This handbook solves this problem by bringing together "snapshots" of the various aspects of the technology. 410 0$aMaterials science and process technology series. 606 $aIntegrated circuits$xVery large scale integration$xDesign and construction$vHandbooks, manuals, etc 606 $aSemiconductors 615 0$aIntegrated circuits$xVery large scale integration$xDesign and construction 615 0$aSemiconductors. 676 $a621.395 701 $aMcGuire$b G. E$027694 801 0$bMiAaPQ 801 1$bMiAaPQ 801 2$bMiAaPQ 906 $aBOOK 912 $a9911006676203321 996 $aSemiconductor materials and process technology handbook$9191725 997 $aUNINA